| 000 | 01044cam a22003257i 4500 | ||
|---|---|---|---|
| 001 | 19318 | ||
| 003 | CUTN | ||
| 005 | 20150708164639.0 | ||
| 008 | 130716t20132013si a b 001 0 eng d | ||
| 010 | _a 2012554961 | ||
| 015 |
_aGBB2A2895 _2bnb |
||
| 016 | 7 |
_a016187189 _2Uk |
|
| 020 | _a9789814412902 (hbk.) | ||
| 020 | _a9814412902 (hbk.) | ||
| 035 | _a(OCoLC)ocn812689154 | ||
| 040 |
_aUKMGB _beng _cUKMGB _erda _dOCLCO _dYDXCP _dCDX _dBWX _dCUS _dIUL _dDLC |
||
| 042 | _alccopycat | ||
| 050 | 0 | 0 |
_aQC174.12 _b.F39 2013 |
| 082 | 0 | 4 |
_a530.12 _223 |
| 100 | 0 |
_aFayyazuddin, _d1930- _eauthor. |
|
| 245 | 1 | 0 |
_aQuantum mechanics / _cFayyazuddin, Riazuddin, National Centre for Physics. |
| 250 | _a2nd edition. | ||
| 300 |
_axvii, 545 pages : _billustrations ; _c23 cm |
||
| 504 | _aIncludes bibliographical references and index. | ||
| 650 | 0 | _aQuantum theory. | |
| 700 | 0 |
_aRiazuddin, _eauthor. |
|
| 906 |
_a7 _bcbc _ccopycat _d2 _encip _f20 _gy-gencatlg |
||
| 942 |
_2ddc _cBOOKS |
||
| 999 |
_c15400 _d15400 |
||